| 000 | 01280cam a22003733a 4500 | ||
|---|---|---|---|
| 001 | 21242 | ||
| 003 | PGUSA | ||
| 005 | 20140828083442.0 | ||
| 008 | 070427s2007||||xxu|||||s|||||000 1 eng d | ||
| 040 |
_aPGUSA _beng |
||
| 042 | _adc | ||
| 050 | 4 | _aPZ | |
| 100 | 1 |
_aHenty, G. A. _q(George Alfred), _d1832-1902 |
|
| 245 | 1 | 0 |
_aOn the Irrawaddy : _bA Story of the First Burmese War _h[electronic resource] / _cG. A. Henty |
| 260 |
_bProject Gutenberg, _c2007 |
||
| 506 | _aPublic domain in the USA. | ||
| 516 | _aElectronic text | ||
| 653 | _aSoldiers -- Juvenile fiction | ||
| 653 | _aWar stories | ||
| 653 | _aAnimals -- Juvenile fiction | ||
| 653 | _aPrisoners -- Juvenile fiction | ||
| 653 | _aBurma -- Juvenile fiction | ||
| 653 | _aAdventure and adventurers -- Juvenile fiction | ||
| 653 | _aRescues -- Juvenile fiction | ||
| 653 | _aFriendship -- Juvenile fiction | ||
| 653 | _aBrigands and robbers -- Juvenile fiction | ||
| 653 | _aAnglo-Burmese War, 1st, 1824-1826 -- Juvenile fiction | ||
| 653 | _aVoyages and travels -- Juvenile fiction | ||
| 653 | _aConduct of life -- Juvenile fiction | ||
| 700 | 1 |
_aOverend, William Heysham, _d1851-1898 |
|
| 830 | 0 |
_aProject Gutenberg _v21242 |
|
| 856 | 4 | 0 | _uhttp://www.gutenberg.org/ebooks/21242 |
| 942 | _cEB | ||
| 999 |
_c250497 _d250497 |
||